000 00530nam a2200217Ia 4500
003 OSt
005 20220924133407.0
006 a|||||r|||| 00| 0
007 ta
008 220923b |||||||| |||| 00| 0 snd d
024 _a265091
037 _cTextual
040 _aARTS
_cARTS
_bsnd
041 _2snd
_asnd
082 _aV2:25wM69, 1593J3
100 _aMotwani
_9206312
245 0 _aMahatma Gandhi
260 _c1953
942 _hV2:25wM69, 1593J3
_cTEXL
_2CC
999 _c433633
_d433633